000 01216nam0a22002651 4500
001 rc\669218
005 20260407124216.0
035 _a(NLR Aleph) 005907925
090 _a6346017
_c6346017
100 _a20031121d1986 |||y0rusy50 ca
101 0 _arus
102 _aRU
105 _aa |||||||||
200 1 _aНаучная организация труда в промышленности
_eУчеб.-метод. пособие для системы повышения квалификации руководящих работников и специалистов пром-сти
_fНИИ труда и Всесоюз. науч.-метод. центр по орг. труда и управления пр-вом
_g[С.С. Новожилов и др.]
205 _a2-е изд., перераб. и доп.
210 _aМ.
_cЭкономика
_d1986
215 _a414, [1] с.
_cил.
_d22
320 _aБиблиогр.: с. 409-412
702 1 _aНовожилов
_bС.С.
_gСергей Сергеевич
_4220
712 0 2 _aНИИ труда
_cМосква
_3RU\NLR\AUTH\889965033
_9426279
801 0 _aRU
_bNLR
_gpsbo
801 1 _aRU
_bELAR
_2rusmarc
852 _aNLR
_j86-5/4826
942 _cBOOK
980 _aNB